00457nam a2200181Ia 450000500170000000800410001702000140005804000190007204100120009108200130010310000110011624500640012726000370019130000100022865000160023870000110025485000100026520240322100022.0131103s9999 xx 000 0 und d cRs.250.00 aLoreto College aEnglish a510bSAR aSarkar aC.U.Degree Mathematicsb Honours Part-I cSarkar and Sarkar aKolkatabBiswas Book Stallc2011 a540p  aMathematics aSarkar aLCLIB